[Event "?"]
[Site "?"]
[Date "2011.07.09"]
[Round "1.32"]
[White "Kibilka, Ulrich"]
[Black "Schabel, Eberhard"]
[Result "0-1"]
[WhiteElo "1268"]
[BlackElo "1731"]
[PlyCount "104"]
[EventDate "2011.??.??"]
[WhiteTeam "Hamburger SK von 1830 eV"]
[BlackTeam "SV Henstedt-Ulzburg e. V."]

1. Nf3 c6 2. d4 d5 3. Bg5 Bf5 4. Nbd2 Nd7 5. e3 Ngf6 6. c4 e6 7. Be2 Be7 8. O-O
h6 9. Bf4 Nh5 10. Be5 f6 11. Bg3 Nxg3 12. hxg3 O-O 13. Nh4 Bh7 14. Qb3 Qb6 15.
cxd5 cxd5 16. a3 Rac8 17. Rac1 Qxb3 18. Nxb3 Nb6 19. Nc5 Bxc5 20. dxc5 Nd7 21.
b4 Ne5 22. f4 Nc6 23. Bg4 Rfe8 24. Nf3 f5 25. Bh3 Kf7 26. Nd4 a6 27. g4 g6 28.
g5 hxg5 29. fxg5 e5 30. Nxc6 Rxc6 31. g3 Bg8 32. Bg2 Ke7 33. Rfd1 Rd8 34. Rd2
Be6 35. Rcd1 e4 36. Kf2 Rh8 37. Rh1 Rcc8 38. Rdd1 Kf7 39. Rc1 Bd7 40. Rcd1 Bc6
41. Rh4 Rxh4 42. gxh4 Rd8 43. Kg3 a5 44. Rh1 d4 45. Rd1 d3 46. Rd2 axb4 47.
axb4 Ra8 48. Kf4 Ra1 49. Kg3 Rb1 50. Bh3 Rxb4 51. h5 Rc4 52. hxg6+ Kxg6 0-1

[Event "?"]
[Site "?"]
[Date "2011.07.09"]
[Round "1.38"]
[White "Queißer, Jens"]
[Black "Kossinz, Alex"]
[Result "0-1"]
[WhiteElo "1191"]
[BlackElo "1711"]
[PlyCount "87"]
[EventDate "2011.??.??"]
[WhiteTeam "Hamburger SK von 1830 eV"]
[BlackTeam "Elmshorner SC von 1896"]

1. e4 c5 2. Nf3 d6 3. Bc4 e6 4. Nc3 Nc6 5. a3 Nf6 6. d3 d5 7. exd5 exd5 8. Nxd5
Nxd5 9. Bg5 Be7 10. Qe2 Be6 11. Bxe7 Qxe7 12. O-O Nf4 13. Qe3 Bxc4 14. Qxf4 Be6
15. Rfe1 O-O 16. Rad1 Rad8 17. Qg3 Qf6 18. Re4 Nd4 19. Nxd4 Rxd4 20. c3 Rxe4
21. dxe4 Rd8 22. Re1 h6 23. Qc7 Rd2 24. Qxc5 b6 25. Qe3 Qg5 26. Qxg5 hxg5 27.
b4 Rc2 28. Rd1 Rxc3 29. Ra1 a5 30. f3 axb4 31. axb4 Rb3 32. Kf2 Rxb4 33. Ke3 b5
34. Kd3 Ra4 35. Rxa4 bxa4 36. Kc3 a3 37. g3 f6 38. h4 gxh4 39. gxh4 Kh7 40. f4
Kh6 41. e5 fxe5 42. fxe5 Kh5 43. Kb4 a2 44. Kc5 0-1

[Event "?"]
[Site "?"]
[Date "2011.07.09"]
[Round "1.42"]
[White "Kopylov, Daniel"]
[Black "Bangert, Rüdiger"]
[Result "1-0"]
[WhiteElo "1052"]
[BlackElo "1694"]
[PlyCount "133"]
[EventDate "2011.??.??"]
[WhiteTeam "SC Agon Neumünster"]

1. d4 Nf6 2. c4 g6 3. Nc3 Bg7 4. e4 d6 5. Nf3 O-O 6. Be2 c5 7. dxc5 Qa5 8. Bd2
Qxc5 9. O-O Nc6 10. Qc1 Nd4 11. Nxd4 Qxd4 12. Qc2 a6 13. Rfd1 Qe5 14. b3 Ng4
15. Bxg4 Bxg4 16. Re1 Qc5 17. Rac1 Be6 18. Nd5 Bxd5 19. exd5 Rfe8 20. Bg5 Bd4
21. Bxe7 Rac8 22. Bh4 b5 23. Rxe8+ Rxe8 24. h3 Rc8 25. Bg3 bxc4 26. Qxc4 Bb2
27. Rc2 Ba3 28. Qxc5 dxc5 29. d6 Rd8 30. Rd2 Rd7 31. Kf1 f6 32. Ke2 Kf7 33. Kd3
f5 34. Kc4 g5 35. f4 Bc1 36. Rd1 Be3 37. fxg5 Kg6 38. Kd5 f4 39. Ke6 Rd8 40.
Ke7 Ra8 41. Bh4 Bd4 42. d7 Ra7 43. Kd6 Ra8 44. Bf2 Bxf2 45. Kc7 Ra7+ 46. Kb8
Rxd7 47. Rxd7 Kxg5 48. Rxh7 a5 49. Kb7 Be1 50. Kc6 Bb4 51. Kb5 Kg6 52. Re7 c4
53. Re4 c3 54. Re2 Kg5 55. Rc2 Kh4 56. a3 Bxa3 57. Kxa5 Bc5 58. b4 Be3 59. b5
Kg3 60. b6 Bf2 61. b7 Ba7 62. Rxc3+ Kxg2 63. h4 f3 64. Rxf3 Kxf3 65. h5 Bb8 66.
h6 Kg4 67. h7 1-0

[Event "?"]
[Site "?"]
[Date "2011.07.09"]
[Round "1.43"]
[White "Retzlaff, Wolfgang"]
[Black "Renn, Joachim"]
[Result "1-0"]
[WhiteElo "1677"]
[BlackElo "1029"]
[PlyCount "69"]
[EventDate "2011.??.??"]
[WhiteTeam "Pinneberger SC 1932 eV"]
[BlackTeam "FC ST.Pauli 1910 eV SAbt"]

1. c4 e6 2. Nc3 Nf6 3. g3 g6 4. Bg2 c5 5. e4 Nc6 6. Nf3 Bg7 7. O-O O-O 8. d3 d6
9. Bg5 a6 10. Qd2 Qc7 11. Bh6 Nd4 12. Rae1 Ng4 13. Bxg7 Kxg7 14. h3 Nh6 15. Ne2
e5 16. Nfxd4 cxd4 17. h4 f6 18. f3 Be6 19. Rc1 Rac8 20. b4 b6 21. Rc2 Qa7 22.
g4 Nf7 23. Ng3 Bd7 24. Kh2 h6 25. Ra1 Ba4 26. Rcc1 Rh8 27. f4 h5 28. gxh5 Nh6
29. f5 Bd7 30. hxg6 Ng4+ 31. Kh3 Nh6 32. Nh5+ Kg8 33. Nxf6+ Kg7 34. Qg5 Rhf8
35. Nh5+ 1-0

[Event "?"]
[Site "?"]
[Date "2011.07.09"]
[Round "1.44"]
[White "Noakes, Günther"]
[Black "Zimmermann, Jasmin"]
[Result "0-1"]
[WhiteElo "961"]
[BlackElo "1677"]
[PlyCount "90"]
[EventDate "2011.??.??"]
[WhiteTeam "Hamburger SK von 1830 eV"]
[BlackTeam "TuRa Harksheide"]

1. Nf3 d5 2. d4 Nf6 3. e3 Bg4 4. Be2 e6 5. Nbd2 c5 6. dxc5 Bxc5 7. a3 O-O 8. b4
Bd6 9. Bb2 Nbd7 10. O-O Rc8 11. Rc1 Bxf3 12. Nxf3 Nb6 13. c3 Nc4 14. Bxc4 Rxc4
15. Nd2 Rh4 16. g3 Rh6 17. Qf3 Qd7 18. c4 e5 19. c5 Bb8 20. Qg2 e4 21. Bxf6
Rxf6 22. f4 h5 23. h4 Rg6 24. Kh2 Bc7 25. Qh3 Rg4 26. Rcd1 {(=)} Qb5 27. Qg2
Bd8 28. Qf2 a5 29. bxa5 Qxc5 30. Nb3 Qxa3 31. Nd4 Qxa5 32. Qd2 Qxd2+ 33. Rxd2
Ba5 34. Ra2 b6 35. Nc6 Rg6 36. Ne7+ Kh7 37. Nxg6 Kxg6 38. f5+ Kh7 39. Rd1 Rd8
40. Rc1 d4 41. exd4 Rxd4 42. Re2 Rd2 43. Rxd2 Bxd2 44. Rd1 e3 45. Kg1 e2 0-1

[Event "?"]
[Site "?"]
[Date "2011.07.09"]
[Round "1.46"]
[White "Svane, Minna"]
[Black "Bormann, Jens"]
[Result "0-1"]
[WhiteElo "783"]
[BlackElo "1648"]
[PlyCount "88"]
[EventDate "2011.??.??"]
[WhiteTeam "Lübecker SV von 1873"]
[BlackTeam "Baubehörde"]

1. e4 d6 2. Nf3 Nf6 3. Bb5+ c6 4. Ba4 Nxe4 5. Qe2 Nf6 6. O-O Bg4 7. h3 Bxf3 8.
Qxf3 g6 9. d3 Bg7 10. Be3 O-O 11. Nc3 Nbd7 12. Bb3 e5 13. Rad1 d5 14. Bg5 Qc7
15. Rfe1 Rfe8 16. Ba4 b5 17. Bb3 a5 18. a3 h6 19. Bh4 g5 20. Bg3 b4 21. Nb1 Qb6
22. Ba4 Nh7 23. Re2 Nc5 24. b3 Nxa4 25. bxa4 Qc5 26. Qf5 f6 27. Rde1 bxa3 28.
Nd2 Ra7 29. Qg6 Nf8 30. Qxe8 Re7 31. Qb8 Qxc2 32. Qd6 Rb7 33. Qxa3 Ne6 34. Qc1
Qxa4 35. Qa1 Qd4 36. Nf3 Qxd3 37. Qxa5 Bf8 38. Qa8 Rb1 39. Qa5 Qxe2 40. Rxb1
Bc5 41. Qc3 Nf4 42. Kh2 Bxf2 43. Qc1 Bxg3+ 44. Kxg3 Qxg2# 0-1

[Event "St. Pauli Open"]
[Site "Hamburg"]
[Date "2011.07.10"]
[Round "2.6"]
[White "Hawranke, Dietrich"]
[Black "Petrosyan, Suren"]
[Result "0-1"]
[WhiteElo "2139"]
[BlackElo "2392"]
[PlyCount "112"]
[EventDate "2011.??.??"]
[WhiteTeam "Pinneberger SC 1932 eV"]
[BlackTeam "SK Norderstedt von 1975"]

1. d4 Nf6 2. Nc3 d5 3. Bg5 Nbd7 4. Qd3 e6 5. e4 dxe4 6. Nxe4 Be7 7. Nxf6+ Nxf6
8. Nf3 Qd5 9. Be2 Bd7 10. c4 Qe4 11. Qxe4 Nxe4 12. Bxe7 Kxe7 13. Ne5 Rad8 14.
Bf3 Nd6 15. O-O-O f6 16. Nxd7 Rxd7 17. b3 Rhd8 18. Rhe1 c6 19. d5 cxd5 20. Bxd5
e5 21. f4 Nb5 22. fxe5 Nc3 23. exf6+ Kxf6 24. Re6+ Kf5 25. Rf1+ Kg5 26. Re5+
Kh6 27. Rff5 g6 28. Rf3 Nxa2+ 29. Kb2 Nb4 30. Kc3 a5 31. Rfe3 b5 32. Rh3+ Kg7
33. Rhe3 Nxd5+ 34. cxd5 Rxd5 35. Re7+ Kf6 36. Rc7 h5 37. h4 Rd2 38. Rf3+ Ke6
39. Rc6+ R8d6 40. Rxd6+ Rxd6 41. Rg3 Kf6 42. Rg5 Rb6 43. Rc5 a4 44. Kb4 axb3
45. Kxb3 Re6 46. Rxb5 Re4 47. Rb6+ Kf7 48. Rb7+ Kf6 49. Rb6+ Kf5 50. Rb5+ Re5
51. Rb4 Re3+ 52. Kc2 Re2+ 53. Kd3 Rxg2 54. Ke3 Rg3+ 55. Kf2 Rc3 56. Rb5+ Kf6
0-1

[Event "St. Pauli Open"]
[Site "Hamburg"]
[Date "2011.07.10"]
[Round "2.18"]
[White "Korba, Roman"]
[Black "Martin-Sommerfeldt, Luis"]
[Result "1-0"]
[WhiteElo "2213"]
[BlackElo "2077"]
[PlyCount "137"]
[EventDate "2011.??.??"]
[WhiteTeam "SC Diogenes eV"]
[BlackTeam "FC ST.Pauli 1910 eV SAbt"]

1. d4 d6 2. g3 e5 3. dxe5 dxe5 4. Qxd8+ Kxd8 5. Nc3 c6 6. f4 Bd6 7. Ne4 Bc7 8.
fxe5 Bxe5 9. Nf3 Bc7 10. Bf4 Bxf4 11. gxf4 Ke7 12. O-O-O Nf6 13. Nxf6 Kxf6 14.
Rg1 g6 15. Ne5 Be6 16. e4 Ke7 17. Bc4 f6 18. Bxe6 Kxe6 19. Nc4 b5 20. Na5 a6
21. Rg3 Rc8 22. Rgd3 Ra7 23. Rd6+ Ke7 24. f5 gxf5 25. exf5 Kf7 26. Rd8 Rac7 27.
b4 Ke7 28. Rxc8 Rxc8 29. Re1+ Kd7 30. Nb7 Re8 31. Nc5+ Kd8 32. Ne6+ Kd7 33. Rg1
Kd6 34. Nc5 Re7 35. h4 h5 36. Rd1+ Kc7 37. Ne6+ Kb6 38. Rd8 Nd7 39. Rh8 a5 40.
bxa5+ Kxa5 41. Rxh5 Kb4 42. Rh6 Kc4 43. h5 Kd5 44. Rg6 Ke5 45. Ng7 Nf8 46. h6
Nh7 47. Rg1 Ra7 48. Kb2 b4 49. Ne6 Kxf5 50. Nd4+ Ke4 51. Rg7 Ra8 52. Nxc6 Ng5
53. Nxb4 Rh8 54. a4 Rxh6 55. a5 Nf3 56. a6 Nd4 57. Rg4+ Ke5 58. Rxd4 Kxd4 59.
a7 Rh8 60. Nc6+ Ke3 61. Nb8 f5 62. a8=Q f4 63. Qa7+ Ke2 64. Nc6 Rh3 65. Nd4+
Ke1 66. Qe7+ Re3 67. Qh4+ Kd2 68. Qxf4 Kd1 69. Qf1+ 1-0

[Event "St. Pauli Open"]
[Site "Hamburg"]
[Date "2011.07.10"]
[Round "2.24"]
[White "Manthey, Jürgen"]
[Black "Jacoby, Gisbert"]
[Result "1-0"]
[WhiteElo "1830"]
[BlackElo "2164"]
[PlyCount "159"]
[EventDate "2011.??.??"]
[WhiteTeam "SC Wrist-Kellinghusen von 1979"]
[BlackTeam "SV Eidelstedt"]

1. c4 c5 2. Nc3 g6 3. g3 Bg7 4. Bg2 Nc6 5. a3 e6 6. Rb1 a5 7. e4 Nge7 8. Nge2
d6 9. O-O O-O 10. d3 Nd4 11. Bg5 h6 12. Bxe7 Qxe7 13. Kh1 Rb8 14. b4 axb4 15.
axb4 cxb4 16. Rxb4 d5 17. Qb1 Nc6 18. Rb5 dxc4 19. dxc4 Nd4 20. Nxd4 Bxd4 21.
Ne2 Bc5 22. Rb2 b6 23. Nc3 Bb7 24. Rd2 Rfd8 25. Rfd1 Rxd2 26. Rxd2 Rd8 27. Qd1
Rxd2 28. Qxd2 Qf6 29. Nd1 Qa1 30. Bf3 Qe5 31. Qd3 Bc6 32. Kg2 g5 33. h3 h5 34.
g4 Bd4 35. Kf1 h4 36. Nc3 Kg7 37. Nb5 Bc5 38. Qc3 Kf6 39. Qd3 Ke7 40. Kg2 Qb2
41. Be2 Qc1 42. Bf3 Qf4 43. Qe2 Bxb5 44. cxb5 Bd6 45. Kf1 Bc5 46. Kg2 Qe5 47.
Qd3 Bd6 48. Kf1 Qh2 49. Bg2 Qe5 50. Bf3 Qb2 51. Be2 Bc5 52. Qf3 Qd2 53. Qd3 Qf4
54. Qf3 Qe5 55. Kg2 Qd4 56. Kf1 f6 57. Kg2 Kd6 58. Kf1 Ke5 59. Bd3 Qb2 60. Kg2
Qd2 61. Bf1 Bd4 62. Be2 Qe1 63. Bd3 Qd2 64. Bf1 Bc5 65. Be2 Qb4 66. Bd3 Bd4 67.
Be2 Qe1 68. Bc4 Bxf2 69. Qxf2 Qxe4+ 70. Kg1 Qxc4 71. Qxb6 Qc1+ 72. Kf2 Qd2+ 73.
Kf1 Qd3+ 74. Ke1 Qc3+ 75. Ke2 Qc2+ 76. Ke1 Qe4+ 77. Kf2 Kf4 78. Qd6+ Qe5 79.
Qb4+ Qe4 80. Qxe4+ 1-0

[Event "St. Pauli Open"]
[Site "Hamburg"]
[Date "2011.07.10"]
[Round "2.32"]
[White "Preuss, Flemming"]
[Black "Müller, Tobias"]
[Result "0-1"]
[WhiteElo "1991"]
[BlackElo "2118"]
[PlyCount "96"]
[EventDate "2011.??.??"]
[BlackTeam "SK Marmstorf GW Harburg"]

1. f4 c5 2. Nf3 Nc6 3. c3 g6 4. d3 Bg7 5. e4 d6 6. Be2 e5 7. O-O Nge7 8. Na3
O-O 9. Be3 exf4 10. Bxf4 d5 11. e5 d4 12. Qd2 Nf5 13. Rae1 Be6 14. c4 a6 15. g4
Ne3 16. Bxe3 dxe3 17. Qxe3 Bxg4 18. Qxc5 Bxf3 19. Bxf3 Qg5+ 20. Kh1 Nxe5 21.
Bd5 Qh4 22. Re4 Ng4 23. Qg1 h5 24. d4 Kh7 25. Nc2 f5 26. Re6 Rae8 27. b3 f4 28.
Rf3 Re7 29. Rxe7 Qxe7 30. h3 Nh6 31. Rf1 Qh4 32. Qg2 Nf5 33. Kh2 Ng3 34. Re1 g5
35. Kg1 f3 36. Bxf3 Bxd4+ 37. Nxd4 Qxd4+ 38. Kh2 h4 39. Qc2+ Kg7 40. Rd1 Qe5
41. Kg2 Nf5 42. Rd7+ Kh6 43. Qf2 Ne3+ 44. Kh1 Qe6 45. Rxb7 Qxh3+ 46. Kg1 Rxf3
47. Rb6+ Kh5 48. Qxf3+ Qxf3 0-1

[Event "St. Pauli Open"]
[Site "Hamburg"]
[Date "2011.07.10"]
[Round "2.40"]
[White "Sturm, Timo"]
[Black "Maahs, Erich"]
[Result "1-0"]
[WhiteElo "1945"]
[BlackElo "2098"]
[PlyCount "101"]
[EventDate "2011.??.??"]
[WhiteTeam "Hamburger SK von 1830 eV"]
[BlackTeam "SC Concordia SAbt Palame"]

1. d4 Nf6 2. Nf3 d6 3. c4 Nbd7 4. Nc3 e5 5. e4 Be7 6. Be2 c6 7. O-O O-O 8. b3
Re8 9. Bb2 Qc7 10. Rc1 a6 11. d5 c5 12. Ne1 Nf8 13. Nd3 Ng6 14. Rc2 Bf8 15. Bc1
h6 16. Be3 Bd7 17. a4 Rab8 18. f3 Qd8 19. Qd2 b6 20. b4 Qc8 21. Rb1 Nh5 22.
Rcb2 Qc7 23. a5 bxa5 24. bxc5 dxc5 25. Rxb8 Rxb8 26. Rxb8 Qxb8 27. Nxc5 Bxc5
28. Bxc5 Qb3 29. Be3 Nhf4 30. Bf1 a4 31. c5 Bb5 32. Nxb5 axb5 33. c6 Ne7 34. c7
Nc8 35. Bxf4 exf4 36. d6 Nxd6 37. Qxd6 Qe3+ 38. Kh1 Qc1 39. Qd8+ Kh7 40. Qd3 a3
41. c8=Q Qxc8 42. Qxa3 Qc2 43. Qb4 Qc1 44. Qxb5 g6 45. Qc4 Qxc4 46. Bxc4 f6 47.
Kg1 h5 48. Kf2 h4 49. h3 Kh6 50. Ke2 Kh5 51. Kd3 1-0

[Event "St. Pauli Open"]
[Site "Hamburg"]
[Date "2011.07.10"]
[Round "2.42"]
[White "Neiß, Josef Martin"]
[Black "Klügel, Jan"]
[Result "1-0"]
[WhiteElo "2076"]
[BlackElo "1942"]
[PlyCount "88"]
[EventDate "2011.??.??"]
[WhiteTeam "SK Mering"]
[BlackTeam "SV VHS Rendsburg"]

1. Nf3 Nf6 2. c4 c6 3. b3 d5 4. Bb2 Bf5 5. d3 e6 6. g3 Be7 7. Bg2 O-O 8. O-O
Nbd7 9. Nbd2 Qa5 10. a3 Rad8 11. b4 Qc7 12. Rc1 a5 13. Qb3 axb4 14. axb4 Qb6
15. Bc3 h6 16. Rb1 Qc7 17. Qb2 Nb6 18. Be5 Qc8 19. Rfc1 Qd7 20. c5 Na8 21. b5
Nc7 22. b6 Nb5 23. Nd4 Nxd4 24. Bxd4 Ne8 25. Ra1 f6 26. f4 g5 27. Kh1 Rf7 28.
Nb3 Bf8 29. Bf3 g4 30. Bg2 Bg7 31. Re1 Re7 32. e4 e5 33. exf5 exd4 34. Nxd4
Rxe1+ 35. Rxe1 Ra8 36. Ra1 Rxa1+ 37. Qxa1 Bf8 38. Ne6 Qe7 39. h3 Ng7 40. Nxg7
Kxg7 41. Qa8 Qe1+ 42. Kh2 Bxc5 43. Qxb7+ Kf8 44. hxg4 Qe2 1-0

[Event "St. Pauli Open"]
[Site "Hamburg"]
[Date "2011.07.10"]
[Round "2.44"]
[White "Bohn, Christoph"]
[Black "Hartkopf, Dr. Uwe"]
[Result "0-1"]
[WhiteElo "1928"]
[BlackElo "2064"]
[PlyCount "114"]
[EventDate "2011.??.??"]
[WhiteTeam "SK Norderstedt von 1975"]
[BlackTeam "SK Norderstedt von 1975"]

1. e4 c5 2. Nc3 Nc6 3. g3 g6 4. Bg2 Bg7 5. f4 d6 6. Nf3 e6 7. O-O Nge7 8. d3
O-O 9. Be3 Bd7 10. Qd2 b6 11. d4 Na5 12. b3 Qc7 13. Rae1 Rac8 14. dxc5 dxc5 15.
f5 exf5 16. Bf4 Qd8 17. e5 Bc6 18. Qe3 Nb7 19. Rd1 Qe8 20. Rd2 Nd8 21. Rfd1 Ne6
22. Bg5 Nxg5 23. Nxg5 Bxg2 24. Kxg2 Nc6 25. Nf3 Nxe5 26. Nxe5 Bxe5 27. Rd7 Rc7
28. Rxc7 Bxc7 29. Qf3 Be5 30. Nd5 Kg7 31. c4 Bd4 32. Rd2 Qe4 33. Re2 Qxf3+ 34.
Kxf3 Bf6 35. h4 Rd8 36. Kf4 Rd7 37. h5 Bd4 38. Rh2 h6 39. Re2 b5 40. Re8 bxc4
41. bxc4 Rb7 42. Ra8 Bb2 43. a4 Bc1+ 44. Ke5 Bd2 45. Kd6 Be1 46. Kxc5 Bxg3 47.
hxg6 fxg6 48. Kc6 Rf7 49. a5 f4 50. Rb8 f3 51. Rb7 g5 52. Ne3 Rxb7 53. Kxb7 Bf2
54. Nf5+ Kg6 55. Ne7+ Kf6 56. Nd5+ Ke5 57. Kc6 Bd4 0-1

[Event "St. Pauli Open"]
[Site "Hamburg"]
[Date "2011.07.10"]
[Round "2.2"]
[White "Rossen, Claus"]
[Black "Kopylov, Michael"]
[Result "1/2-1/2"]
[WhiteElo "2144"]
[BlackElo "2470"]
[PlyCount "30"]
[EventDate "2011.??.??"]
[BlackTeam "SK Norderstedt von 1975"]

1. d4 f5 2. e4 fxe4 3. Nc3 Nf6 4. Bg5 c6 5. f3 e3 6. Bxe3 d5 7. Bd3 c5 8. dxc5
Nc6 9. Nge2 e5 10. Bg5 Be6 11. f4 e4 12. Bb5 Bxc5 13. Bxf6 gxf6 14. Nd4 Bxd4
15. Qxd4 O-O 1/2-1/2

[Event "St. Pauli Open"]
[Site "Hamburg"]
[Date "2011.07.10"]
[Round "2.14"]
[White "Henrich, Holger"]
[Black "Frey, Alisa"]
[Result "1/2-1/2"]
[WhiteElo "2242"]
[BlackElo "2095"]
[PlyCount "35"]
[EventDate "2011.??.??"]
[WhiteTeam "SK Union Eimsbuettel eV"]
[BlackTeam "SC Eppingen"]

1. d4 Nf6 2. c4 g6 3. Nc3 d5 4. Bg5 Bg7 5. Bxf6 Bxf6 6. cxd5 c6 7. e4 cxd5 8.
Nxd5 Bg7 9. Bb5+ Nc6 10. Ne2 O-O 11. Bxc6 bxc6 12. Ndc3 Qb6 13. Qd2 Rd8 14. Rd1
Ba6 15. Na4 Qb5 16. Nac3 Qb6 17. Na4 Qb5 18. Nac3 1/2-1/2

[Event "St. Pauli Open"]
[Site "Hamburg"]
[Date "2011.07.10"]
[Round "2.33"]
[White "Kessler, Bernd"]
[Black "Sabel, Reinhard"]
[Result "1/2-1/2"]
[WhiteElo "2082"]
[BlackElo "2034"]
[PlyCount "30"]
[EventDate "2011.??.??"]
[WhiteTeam "FC ST.Pauli 1910 eV SAbt"]
[BlackTeam "Sfr.Mainz 1928"]

1. e4 e5 2. Nf3 Nc6 3. Bb5 f5 4. Nc3 fxe4 5. Nxe4 Nf6 6. Qe2 d5 7. Nxf6+ gxf6
8. d4 e4 9. Nh4 Qd6 10. Qh5+ Kd8 11. Bxc6 bxc6 12. O-O Bd7 13. f3 Be8 14. Qg4
Bd7 15. Qh5 Be8 1/2-1/2

[Event "St. Pauli Open"]
[Site "Hamburg"]
[Date "2011.07.10"]
[Round "2.35"]
[White "Zimmermann, Julian"]
[Black "Leube, Oliver"]
[Result "1-0"]
[WhiteElo "2331"]
[BlackElo "1974"]
[PlyCount "21"]
[EventDate "2011.??.??"]
[WhiteTeam "Koenigsspr.SC.1984 e.V."]
[BlackTeam "Hamburger SK von 1830 eV"]

1. e4 d5 2. exd5 Qxd5 3. d4 Nc6 4. Nf3 Bg4 5. Be2 O-O-O 6. c4 Qh5 7. Be3 e5 8.
d5 Qf5 9. Nc3 Nb4 10. O-O Nc2 11. Bd3 1-0

[Event "St. Pauli Open"]
[Site "Hamburg"]
[Date "2011.07.10"]
[Round "2.47"]
[White "Kosovs, Ernst"]
[Black "Knaak, Michael"]
[Result "1/2-1/2"]
[WhiteElo "2056"]
[BlackElo "1919"]
[PlyCount "27"]
[EventDate "2011.??.??"]
[WhiteTeam "SK Bad Aibling"]
[BlackTeam "FC ST.Pauli 1910 eV SAbt"]

1. d4 d5 2. Nc3 e6 3. e4 Bb4 4. e5 c5 5. a3 Bxc3+ 6. bxc3 Ne7 7. Nf3 Nbc6 8.
Rb1 Qa5 9. Qd2 c4 10. Be2 b6 11. O-O Bd7 12. Ne1 O-O 13. f4 f5 14. Nf3 1/2-1/2

[Event "St. Pauli Open"]
[Site "Hamburg"]
[Date "2011.07.10"]
[Round "2.48"]
[White "Gröppel, Peter"]
[Black "Bücker, Timo"]
[Result "1/2-1/2"]
[WhiteElo "2051"]
[BlackElo "1905"]
[PlyCount "70"]
[EventDate "2011.??.??"]
[WhiteTeam "SC Diogenes eV"]
[BlackTeam "Barmstedter MTV"]

1. d4 d5 2. c4 c6 3. Nf3 Nf6 4. Nc3 g6 5. c5 Bg7 6. Bf4 Nbd7 7. b4 Nh5 8. e3
Nxf4 9. exf4 Nf6 10. Be2 Ne4 11. Rc1 Bg4 12. O-O Qc7 13. g3 h5 14. Ne5 Bxe2 15.
Qxe2 Nxc3 16. Rxc3 Bxe5 17. fxe5 Qd7 18. e6 Qxe6 19. Qxe6 fxe6 20. Re1 Rf8 21.
Rxe6 Rf6 22. Re2 Kd7 23. Rce3 e6 24. a4 a6 25. h4 Raf8 26. f4 Ra8 27. Rb3 Kc7
28. b5 axb5 29. axb5 Ra4 30. Rd2 Rf8 31. bxc6 bxc6 32. Rdb2 Ra7 33. Kf2 Rfa8
34. Re2 Ra2 35. Rxa2 Rxa2+ 1/2-1/2

[Event "St. Pauli Open - B"]
[Site "Hamburg"]
[Date "2011.07.10"]
[Round "2.1"]
[White "Poghosyan, Tigran"]
[Black "Reher, Wolfgang"]
[Result "0-1"]
[WhiteElo "1728"]
[BlackElo "1875"]
[PlyCount "114"]
[EventDate "2011.??.??"]
[WhiteTeam "Lübecker SV von 1873"]
[BlackTeam "Verein Segeberger SF"]

1. e4 e6 2. d4 b6 3. Bd3 Bb7 4. Nf3 Nf6 5. Qe2 Be7 6. O-O O-O 7. Bg5 h6 8. Bh4
d6 9. Nbd2 c5 10. c3 Nbd7 11. Rfe1 e5 12. d5 Nxd5 13. exd5 Bxh4 14. Qe4 Bxf2+
15. Kxf2 f5 16. Qc4 Qf6 17. Kg1 g5 18. h3 Qf7 19. Qa4 Bxd5 20. Rf1 Qe6 21. Rae1
a6 22. Qc2 c4 23. Be2 b5 24. Bd1 Rae8 25. Nd4 Qg6 26. Nxf5 Kh8 27. Ne3 Qxc2 28.
Bxc2 Be6 29. Ne4 d5 30. Nd6 Rxf1+ 31. Rxf1 Rf8 32. Rxf8+ Nxf8 33. Ndf5 h5 34.
Kf2 Ng6 35. a4 Nf4 36. axb5 axb5 37. Nd6 d4 38. Nef5 d3 39. Bd1 Kh7 40. Ng3 Kg6
41. Nf1 Bd7 42. Ne3 Kf6 43. Bf3 Kg6 44. Nd5 g4 45. Nxf4+ exf4 46. hxg4 hxg4 47.
Bd1 Kf6 48. Ne4+ Ke5 49. Nd2 Kf5 50. b3 b4 51. bxc4 bxc3 52. Nb3 Ke5 53. Ke1
Ba4 54. Nc5 d2+ 55. Ke2 f3+ 56. gxf3 Bxd1+ 57. Kxd1 g3 0-1

[Event "St. Pauli Open - B"]
[Site "Hamburg"]
[Date "2011.07.10"]
[Round "2.2"]
[White "Rohde, Patrick"]
[Black "Hopson, Kevin Mike"]
[Result "1/2-1/2"]
[WhiteElo "1865"]
[BlackElo "1721"]
[PlyCount "39"]
[EventDate "2011.??.??"]
[WhiteTeam "Elmshorner SC von 1896"]
[BlackTeam "Elmshorner SC von 1896"]

1. e4 e5 2. Nf3 Nc6 3. Bb5 a6 4. Ba4 Nf6 5. O-O Be7 6. Qe2 b5 7. Bb3 d6 8. c3
O-O 9. Rd1 Na5 10. Bc2 c5 11. d3 h6 12. Nbd2 Qc7 13. Nf1 Nc6 14. Ng3 Bd8 15.
Nh4 Ne7 16. Qf3 Bg4 17. Qe3 Bxd1 18. Bxd1 Kh7 19. Nhf5 Ng6 20. Qf3 1/2-1/2

[Event "St. Pauli Open - B"]
[Site "Hamburg"]
[Date "2011.07.10"]
[Round "2.3"]
[White "Kossinz, Alex"]
[Black "Kaduszkiewicz, Martin"]
[Result "1/2-1/2"]
[WhiteElo "1711"]
[BlackElo "1841"]
[PlyCount "98"]
[EventDate "2011.??.??"]
[WhiteTeam "Elmshorner SC von 1896"]
[BlackTeam "Kieler SG von 1884 / Meerbauer"]

1. e4 c5 2. Nf3 e6 3. d4 cxd4 4. Nxd4 Nc6 5. Nc3 Qc7 6. Be2 a6 7. O-O Nf6 8.
Kh1 Bb4 9. Qd3 O-O 10. f4 Nxd4 11. Qxd4 Bc5 12. Qd3 b5 13. e5 Ne8 14. a4 b4 15.
Ne4 Be7 16. Rd1 Bb7 17. Bf3 Bd5 18. Be3 f5 19. Nd6 Bxf3 20. Nxe8 Bxg2+ 21. Kxg2
Rfxe8 22. c4 bxc3 23. bxc3 Red8 24. Rab1 Qc6+ 25. Kg3 d5 26. a5 Rab8 27. Bb6
Rdc8 28. Qxa6 Qxc3+ 29. Rd3 Qc4 30. Qxc4 Rxc4 31. Rdb3 Ra4 32. Kf3 Rc8 33. R1b2
Rcc4 34. Be3 Rxa5 35. Rb8+ Kf7 36. R2b7 Ra3 37. Rd8 d4 38. Rdd7 Rxe3+ 39. Kf2
Rc2+ 40. Kf1 Rf3+ 41. Ke1 Rxf4 42. Rxe7+ Kg6 43. Rxe6+ Kh5 44. Rxg7 h6 45. Rh7
Kg4 46. Rexh6 Re4+ 47. Kd1 Rce2 48. Rh3 Kf4 49. e6 Rxe6 1/2-1/2

[Event "St. Pauli Open - B"]
[Site "Hamburg"]
[Date "2011.07.10"]
[Round "2.4"]
[White "Feldhaus, Thomas"]
[Black "Schwarz, Nico"]
[Result "0-1"]
[WhiteElo "1836"]
[BlackElo "1716"]
[PlyCount "64"]
[EventDate "2011.??.??"]
[WhiteTeam "FC ST.Pauli 1910 eV SAbt"]
[BlackTeam "Stader SV"]

1. d4 Nf6 2. Nf3 d5 3. c4 e6 4. Nc3 c5 5. cxd5 exd5 6. Bg5 Be6 7. e3 Qb6 8.
Bb5+ Nfd7 9. Qd2 Nc6 10. Bxc6 bxc6 11. dxc5 Nxc5 12. O-O f6 13. Bf4 g5 14. Bg3
h5 15. h3 h4 16. Bh2 g4 17. Nd4 gxh3 18. Nxe6 Nxe6 19. Na4 Qb7 20. g4 Rg8 21.
f3 f5 22. Qe2 fxg4 23. fxg4 Qb4 24. Nc3 Rxg4+ 25. Kh1 Rg2 26. Qh5+ Kd7 27. Qf7+
Be7 28. Rf6 Ng5 29. Qg7 Rxh2+ 30. Kxh2 Qxb2+ 31. Ne2 Qxe2+ 32. Kh1 Qg2# 0-1

[Event "St. Pauli Open - B"]
[Site "Hamburg"]
[Date "2011.07.10"]
[Round "2.5"]
[White "Kastner, Hannes"]
[Black "Bode, Heinrich"]
[Result "1/2-1/2"]
[WhiteElo "1832"]
[BlackElo "1705"]
[PlyCount "124"]
[EventDate "2011.??.??"]
[WhiteTeam "Schachfreunde Gerresheim 86 e.V."]
[BlackTeam "SC Schwarz-Weiss Harburg"]

1. d4 d5 2. c4 e6 3. cxd5 exd5 4. Nc3 c5 5. Nf3 Nc6 6. g3 Nf6 7. Bg2 Bf5 8. Bg5
Be7 9. O-O O-O 10. dxc5 d4 11. Na4 Re8 12. a3 h6 13. Bd2 Ne4 14. b4 Bf6 15. Rc1
Ng5 16. Nxg5 Bxg5 17. Bxg5 Qxg5 18. Nb2 Rad8 19. Nd3 Re7 20. Re1 Bg4 21. h3 Bh5
22. Nf4 Rde8 23. h4 Qe5 24. Nxh5 Qxh5 25. Bxc6 bxc6 26. Qxd4 Rxe2 27. Rxe2 Rxe2
28. Rd1 Qf3 29. Qd8+ Kh7 30. Qd3+ Qxd3 31. Rxd3 a6 32. Rd6 Ra2 33. Rxc6 Rxa3
34. Rb6 a5 35. b5 a4 36. c6 Rc3 37. Ra6 a3 38. Kf1 Rc5 39. Rxa3 Rxb5 40. Rc3
Rb8 41. c7 Rc8 42. g4 Kg6 43. f4 Kf6 44. g5+ Ke6 45. gxh6 gxh6 46. Kf2 Kd6 47.
Ke3 Rxc7 48. Rxc7 Kxc7 49. Ke4 Kd6 50. Kf5 Kd5 51. h5 Kd4 52. Kf6 Ke4 53. Kxf7
Kxf4 54. Kf6 Ke4 55. Kg6 Ke5 56. Kxh6 Kf6 57. Kh7 Kf7 58. Kh8 Kf8 59. h6 Kf7
60. Kh7 Kf8 61. Kg6 Kg8 62. h7+ Kh8 1/2-1/2